01416nas a2200313 i 45000010005000000030009000050050017000140080041000310220014000720800007000862450036000932600039001293000028001683100012001963620022002085050354002305050128005846100053007126500022007657000026007877000020008137000023008337000022008567000032008787400076009108520022009868520033010088660061010411572ES-MaACL20250731034200.0950801d1946 sp mryp 0 |spa d a2481-0703 a3200aObra b: revista internacional. aMadrid : bGráf. Valera, c1946- a4 v. : bil. ; c22 cm. aMensual0 aN. 1 (mayo 1946)-8 aCada número contiene, con paginación independiente, una novela. N. 1: Fugitivos / Tatiana Tschernawin; traducción directa del ruso por G.D. (143 p.) - N. 2: Yo, secretario de Stalin / Boris Bajanow (91 p.) - N. 3: El hombre que luchó contra el infierno / Sergio Kostineff (80 p.) - N. 4: Un ruso vuelve a su patria / Boris Wartanoff (160 p.)8 aEn el n. 1: Cánovas, desde el viejo Ateneo, ve los cosacos saltando sobre Europa / artículo de Eugenio Montes, p. 19-2724aAteneo de Madrid-vHistoria-vRelatos personales 7aPolítica2embne1 aTschernawin, Tatiana.1 aBajanow, Boris.1 aKostineff, Sergio.1 aWartanoff, Boris.1 aMontes, Eugenio,d1897-198202aCánovas, desde el viejo Ateneo, ve los cosacos saltando sobre Europa. aES-MaACLjHem-185 aES-MaACLjF-3049 z(N. 1) 0o1946: n. 1 (mayo), n. 2 (jun.), n. 3 (ag.), n. 4 (sept.)